00362nam a2200145Ia 4500003000500000008004100005020001800046040001900064082000700083100002100090245005300111260003200164300000800196546001200204STCL181203s9999 xx 000 0 und d a9789352644087 aSTCLbENcSTCL 222 aSwami, Radhanath 4aThe Journey Within: Exploring the Path of Bhakti bHarper ElementaNoidac2017 a300 aEnglish